Маркетинг в отраслях и сферах деятельности: учебник

Bibliographic Details
Other Authors: Морозов Ю. В. (редактор), Гришина В. Т.
Summary:Учебник подготовлен в соответствии с принятием Государственных образовательных стандартов третьего поколения, переходом российского высшего образования на двухуровневую систему.В нем рассматриваются особенности маркетинга в основных отраслях народного хозяйства: промышленности, сельском хозяйстве, торговле, сфере услуг, банковском и страховом деле, в рекламном и туристическом бизнесе, в медицине, образовании, на предприятиях народных художественных промыслов и на рынке средств производства. Для студентов, обучающихся по экономическим специальностям, аспирантов, преподавателей, слушателей курсов повышения квалификации руководящих работников и специалистов, а также практических работников.
Language:Russian
Published: Москва, Дашков и К, 2010
Edition:7-е изд., перераб. и доп.
Subjects:
Format: Book
KOHA link:https://koha.lib.tpu.ru/cgi-bin/koha/opac-detail.pl?biblionumber=180345

MARC

LEADER 00000nam0a2200000 4500
001 180345
005 20231101223535.0
010 |a 9785394006500 
035 |a (RuTPU)RU\TPU\book\195497 
090 |a 180345 
100 |a 20100514d2010 m y0rusy50 ca 
101 0 |a rus 
102 |a RU 
105 |a y j 001zy 
200 1 |a Маркетинг в отраслях и сферах деятельности  |e учебник  |f под ред. Ю. В. Морозова ; В. Т. Гришиной 
205 |a 7-е изд., перераб. и доп. 
210 |a Москва  |c Дашков и К  |d 2010 
215 |a 448 с. 
320 |a Библиогр.: с. 443-445. 
330 |a Учебник подготовлен в соответствии с принятием Государственных образовательных стандартов третьего поколения, переходом российского высшего образования на двухуровневую систему.В нем рассматриваются особенности маркетинга в основных отраслях народного хозяйства: промышленности, сельском хозяйстве, торговле, сфере услуг, банковском и страховом деле, в рекламном и туристическом бизнесе, в медицине, образовании, на предприятиях народных художественных промыслов и на рынке средств производства. Для студентов, обучающихся по экономическим специальностям, аспирантов, преподавателей, слушателей курсов повышения квалификации руководящих работников и специалистов, а также практических работников. 
606 1 |a Маркетинг  |2 stltpush  |3 (RuTPU)RU\TPU\subj\41036  |9 60857 
610 1 |a экономика 
610 1 |a сельское хозяйство 
610 1 |a торговля 
610 1 |a банковское дело 
610 1 |a сфера услуг 
610 1 |a страховая деятельность 
610 1 |a рекламный бизнес 
610 1 |a туристический маркетинг 
610 1 |a образовательный маркетинг 
610 1 |a народные художественные промыслы 
610 1 |a медицинские услуги 
610 1 |a торгово-технологическое оборудование 
610 1 |a Россия 
610 1 |a ценообразование 
610 1 |a купля-продажа 
610 1 |a банковский маркетинг 
610 1 |a маркетинговая информация 
610 1 |a маркетинг услуг 
610 1 |a маркетинг-микс 
610 1 |a маркетинговые исследования 
610 1 |a турпакеты 
610 1 |a реклама 
610 1 |a товародвижение 
610 1 |a коммуникационная политика 
610 1 |a средства производства 
610 1 |a учебные пособия 
686 |a У9(2)212.4я73  |v LBC/SL-A  |2 rubbk 
702 1 |a Морозов  |b Ю. В.  |4 340 
702 1 |a Гришина  |b В. Т.  |4 340 
801 1 |a RU  |b 63413507  |c 20100514 
801 2 |a RU  |b 63413507  |c 20150519  |g RCR 
900 |a Маркетинг в отраслях и сферах деятельности 
942 |c BK 
955 |l 8 
959 |a 31/20100513  |d 2  |e 220,00  |f АНЛ:1  |f ЧЗГЛ:1